| 000 | 00445nam a22001817a 4500 | ||
|---|---|---|---|
| 003 | MPLRDC | ||
| 005 | 20220104124220.0 | ||
| 008 | 210129b ||||| |||| 00| 0 eng d | ||
| 082 | _a870.8 YHDZ v.8 | ||
| 100 | _aCHARLES DICKENS 著; ANTHONY TOYNE 改写 | ||
| 245 |
_a块肉余生录 _c |
||
| 250 | _a初版 | ||
| 260 |
_a _b大夏出版社 _c1985 |
||
| 300 | _b平 | ||
| 490 | _a英汉对照;8 | ||
| 650 | _a | ||
| 942 |
_cBK _o870.8 YHDZ v.8 |
||
| 999 |
_c17554 _d17544 |
||